| 000 | 01395cam a22003374a 4500 | ||
|---|---|---|---|
| 999 |
_c126391 _d126391 |
||
| 001 | 13783882 | ||
| 003 | ARRUPE | ||
| 005 | 20170411100217.0 | ||
| 008 | 040907m20042007ke 000 1 kik | ||
| 010 | _a 2004410684 | ||
| 020 | _a9966251626 (v. 12) | ||
| 020 | _a9966254420 (v. 3) | ||
| 020 | _a9966254900 (v. 46) | ||
| 040 |
_aDLC _cDLC |
||
| 042 | _alcode | ||
| 043 | _af------ | ||
| 050 | 0 | 0 |
_aPL8379.9.N4 _bM87 2004 |
| 100 | 0 |
_aNgũgĩ wa Thiongʾo, _d1938- _929778 |
|
| 245 | 1 | 0 |
_aMũrogi wa Kagogo / _crũgano ta ũrĩa rwaguũrĩirio Ngũgĩ wa Thiongʾo. |
| 260 |
_aNairobi : _bEast African Educational Publishers, _c2004-2007. |
||
| 300 |
_a344 p. ; _c21 cm. |
||
| 505 | 0 | _ambuku ya mbere. Ngoma cia ũnene -- mbuku ya kerĩ. Ngoma cia mĩhari -- mbuku ya gatatũ. Ngoma cia aka -- mbuku ya kana. Ngoma cia arũme -- mbuku ya gatano. Ngoma cia aregi -- mbuku ya gatandatũ. Ngoma cia nderu. | |
| 520 | _aA novel. | ||
| 546 | _aIn Kikuyu. | ||
| 590 | _aLC copy of v. 1-2 [i.e. v. 1-2, and v. 3] signed by author. | ||
| 906 |
_a7 _bcbc _corigode _d2 _encip _f20 _gy-gencatlg |
||
| 942 |
_2lcc _cMONOGRAPH |
||